| 000 | 00869nam a22002177a 4500 | ||
|---|---|---|---|
| 005 | 20250825113037.0 | ||
| 008 | 250825b |||||||| |||| 00| 0 eng d | ||
| 020 | _a978-93-93599-13-1 (hbk) (Vol. 2) | ||
| 020 | _a978-93-93599-14-8 (hbk) (Vol. 3) | ||
| 037 | _cREF | ||
| 040 |
_aCRL _cCRL |
||
| 041 |
_2eng _aeng _hmar |
||
| 084 |
_aU.235P1G0 155R3.2-.3(RR) _qCRL |
||
| 100 |
_aPathak, Arunchandra Sahn. _9818732 |
||
| 245 | _aGautami mahatymya wa ashtang sthanancha sankritik abhyas | ||
| 260 |
_aMumbai, India: _bMaharashtra Rajya Sahitya Va Sanskriti Mandal, _c2023. |
||
| 300 | _aVol. 2 (1p.-285p.), Vol. 3 (1p.-647p.) | ||
| 650 | _2Geography | ||
| 942 |
_2CC _cREF _hU.235P1G0 155R3.2-.3(RR) _n0 |
||
| 999 |
_c1434853 _d1434853 |
||